000 00642nam a22002057a 4500
005 20260523120707.0
008 260523b |||||||| |||| 00| 0 eng d
020 _a9789360284091
_c4450.00
040 _aMAIN
041 _aEnglish
082 _a580
_bDIV
100 _aDas, Abhaya Prasad (ed)
_917199
245 _aDiversity of Plants And Microbes
_b: Conservation And Traditional Uses
260 _aDehradun
_bBishan Singh Mahindra Pal Singh
_c2024
300 _a500
650 _aUttarakhand Collection : Himalaya Collection
_913
700 _aTangjang, Sumpam (ed)
_926878
700 _aWangpang, Tonlong (ed)
_926879
942 _cBK
999 _c60860
_d60860